| 000 | 01364nam a22003254a 4500 | ||
|---|---|---|---|
| 001 | ebr2003737 | ||
| 003 | CaPaEBR | ||
| 006 | m u | ||
| 007 | cr cn||||||||| | ||
| 008 | 000304s1999 enk sb 001 0 eng | ||
| 010 | _z 00501121 | ||
| 020 | _z1857285107 (hb) | ||
| 020 | _z1857285115 (pbk.) | ||
| 040 |
_aCaPaEBR _cCaPaEBR |
||
| 035 | _a(OCoLC)57190001 | ||
| 050 | 1 | 4 |
_aR733 _b.C35 1999eb |
| 082 | 0 | 4 |
_a615.5/0941 _221 |
| 100 | 1 |
_aCant, Sarah, _d1965- |
|
| 245 | 1 | 2 |
_aA new medical pluralism? _h[electronic resource] : _balternative medicine, doctors, patients, and the state / _cSarah Cant and Ursula Sharma. |
| 260 |
_aLondon : _bUCL Press ; _aNew York, NY : _bDistributed in North America by Garland Pub., _c1999. |
||
| 300 | _aix, 226 p. | ||
| 504 | _aIncludes bibliographical references (p. 201-220) and index. | ||
| 533 |
_aElectronic reproduction. _bPalo Alto, Calif. : _cebrary, _d2013. _nAvailable via World Wide Web. _nAccess may be limited to ebrary affiliated libraries. |
||
| 650 | 0 |
_aAlternative medicine _xSocial aspects _zGreat Britain. |
|
| 650 | 0 |
_aMedical policy _zGreat Britain. |
|
| 655 | 7 |
_aElectronic books. _2local |
|
| 700 | 1 |
_aSharma, Ursula, _d1941- |
|
| 710 | 2 | _aebrary, Inc. | |
| 856 | 4 | 0 |
_uhttp://site.ebrary.com/lib/rucke/Doc?id=2003737 _zAn electronic book accessible through the World Wide Web; click to view |
| 999 |
_c123614 _d123614 |
||